000 00413nam a2200181Ia 4500
001 14540
005 20260306164921.0
008 260306t1995||||xx |||||||||||||| ||spa||
041 _aESP
082 _a515.15
_bS47 V. 2
100 _aStein, Sherman K.
_eAUT
245 0 _aCálculo y geometría analítica
260 _c1995
300 _a
_c
650 _aGEN
654 _aCMA
942 _cLIB
_dJUS
_fJUS
_2ddc
_n
999 _c14540
_d14540